LEADER 01773nam a2200349 u 4500 001 000000075418 003 CaOOAMICUS 005 20070226123111.0 008 030807s2003 it ae u000 u ita u 020 $a88-343-0894-8 035 $a10968042 040 $aEFR$bita 041 1 $aita$hger 100 1 $aMarkschies, Christoph,$d1962-$0(OLS)http://pul/name/50065 240 10$aZwischen den Welten wandern.$lItalian.$0(OLS)http://pul/title/98965 245 10$aIn cammino tra due mondi :$bstrutture del cristianesimo antico /$cChristoph Markschies. 260 $aMilano :$bVita e pensiero,$cc2003. 300 $a229 p. ;$c22 cm 490 1 $aCultura e storia ;$v23 500 $aIncludes bibliographical references and index. 650 0$aChristian life$xHistory$yEarly church, ca. 30-600.$2//eng$0(OLS)http://pul/subject/26342 650 0$aChristianity and culture$xHistory$yEarly church, ca. 30-600.$2//eng$0(OLS)http://pul/subject/21548 650 0$aSociology, Christian$xHistory$yEarly church, ca. 30-600.$2//eng$0(OLS)http://pul/subject/17425 650 0$aChurch history$yPrimitive and early church, ca. 30-600.$2//eng$0(OLS)http://pul/subject/135 650 0$aCivilization, Greco-Roman.$2//eng$0(OLS)http://pul/subject/16078 830 0$aCultura e storia (Vita e Pensiero) ;$v23.$0(OLS)http://pul/title/1596 850 $aPUL 852 $aPUL$W1$xDP1 Cons. Gen., Altre Classi 1$y22$m388 P 23$j97063$nBK-PRI$qStampati$B97063$CPULBib$Z2$F97063 $H92689 $82 941 1 $a8 996 $6020$a88-343-0894-8$9(OLS)http://pul/number/98371 996 $6245$aIn cammino tra due mondi :$bstrutture del cristianesimo antico$9(OLS)http://pul/title/98966 996 $6260$aMilano :$bVita e pensiero$9(OLS)http://pul/publisher/48016 LEADER 01170nam a2200277 u 4500 001 000000005678 003 CaOOAMICUS 005 20070226104805.0 008 941013s1980 it ac u000 u ita u 035 $a10144377 040 $aPUL$bita 100 1 $aVian, Nello,$d1907-2000.$0(OLS)http://pul/name/1433 245 13$aIl testamento di Gaetano Moroni /$c[Nello Vian]. 260 $aRoma :$bAmor,$c1980. 300 $ap. 519-536 :$bill., ritr. ;$c21 cm 500 $aIntitolazione della p. 519. 500 $aEstratto da Strenna dei romanisti. - 1983. 504 $aBibliografia: p. 53. 600 14$aMoroni, Gaetano,$d1802-1883.$0(OLS)http://pul/subject/5156 774 1 $aMolajoli, Bruno, 1905-1985, autore.$tGentile da Fabriano.$b2. ed.$dFabriano : Gentile, 1934.$w()12345 850 $aPUL 852 $aPUL$W1$xDP1 Miscellanee$y10$mMisc.Lombardi.137(int.1)$j7971$nBK-PRI$b $qStampati Miscellanee$B7971$CPULBib$Z2$F7971 $H $81 941 1 $a17 961 $aINV: Legato con altri volumi. 996 $6245$aIl testamento di Gaetano Moroni$9(OLS)http://pul/title/8323 996 $6260$aRoma :$bAmor$9(OLS)http://pul/publisher/50966